|
|
|
|
| LEADER |
02366nam a22003253i 4500 |
| 001 |
EBC31498683 |
| 003 |
MiAaPQ |
| 005 |
20240729202206.0 |
| 006 |
m o d | |
| 007 |
cr cnu|||||||| |
| 008 |
240729s2020 xx o ||||0 eng d |
| 020 |
|
|
|a 9789240017504
|q (electronic bk.)
|
| 035 |
|
|
|a (MiAaPQ)EBC31498683
|
| 035 |
|
|
|a (Au-PeEL)EBL31498683
|
| 040 |
|
|
|a MiAaPQ
|b eng
|e rda
|e pn
|c MiAaPQ
|d MiAaPQ
|
| 245 |
1 |
4 |
|a The Immunological Basis for Immunization Series. Module 16 :
|b Mumps. Update 2020.
|
| 250 |
|
|
|a 2nd ed.
|
| 264 |
|
1 |
|a Geneva :
|b World Health Organization,
|c 2020.
|
| 264 |
|
4 |
|c Ã2020.
|
| 300 |
|
|
|a 1 online resource (51 pages)
|
| 336 |
|
|
|a text
|b txt
|2 rdacontent
|
| 337 |
|
|
|a computer
|b c
|2 rdamedia
|
| 338 |
|
|
|a online resource
|b cr
|2 rdacarrier
|
| 505 |
0 |
|
|a Intro -- Abbreviations and acronyms -- Preface -- Acknowledgements -- Conflict of interest -- 1. Mumps disease, virus and vaccine -- 1.1 Mumps disease -- 1.2 Mumps virus -- 1.3 Mumps vaccines -- 2. Immunological response to natural infection -- 2.1 Antibody response to mumps infection in unvaccinated persons -- 2.2 Cell-mediated immunity following natural mumps disease -- 2.3 Maternal antibody -- 2.4 Duration of immunity to natural mumps infection -- 3. Immunological response to vaccination -- 3.1 Antibody response following vaccination -- 3.2 Immune responses to revaccination -- 3.3 Cell-mediated immunity following mumps vaccination -- 3.4 Duration of immunity to mumps vaccination -- 3.5 Correlates of immunity -- 4. Laboratory diagnosis of mumps -- 4.1 Virological methods -- 4.2 Serological methods -- 4.3 Diagnostic challenges -- 5. Vaccine performance -- 5.1 Vaccine efficacy -- 5.2 Vaccine effectiveness -- 5.3 Vaccine failure among two- and three-dose vaccine recipients -- References.
|
| 588 |
|
|
|a Description based on publisher supplied metadata and other sources.
|
| 590 |
|
|
|a Electronic reproduction. Ann Arbor, Michigan : ProQuest Ebook Central, 2024. Available via World Wide Web. Access may be limited to ProQuest Ebook Central affiliated libraries.
|
| 655 |
|
4 |
|a Electronic books.
|
| 776 |
0 |
8 |
|i Print version:
|t The Immunological Basis for Immunization Series. Module 16
|d Geneva : World Health Organization,c2020
|
| 797 |
2 |
|
|a ProQuest (Firm)
|
| 856 |
4 |
0 |
|u https://ebookcentral.proquest.com/lib/matrademy/detail.action?docID=31498683
|z Click to View
|